| 000 | 00667nam a2200217 a 4500 | ||
|---|---|---|---|
| 005 | 20230920064609.0 | ||
| 008 | 030820s19881999mx r 000 0 spa d | ||
| 020 | _a9684111738 | ||
| 020 | _a968411639X (Coedición Era, LOM, Trilce, Txalaparta) | ||
| 035 | _aUPN01000128000 | ||
| 049 | _aCG | ||
| 050 | 4 |
_aF1386.5 _bP6.6 |
|
| 100 | 1 |
_aPoniatowska, Elena, _d1933- |
|
| 245 | 1 | 0 |
_aNada, nadie : _blas voces del temblor / _cElena Poniatowska. |
| 260 |
_aMéxico : _bEra, _c1988 (1999, 2006 impr.). |
||
| 300 |
_a310 p. : _bil. |
||
| 440 | 0 | _aBolsillo Era | |
| 650 | 4 | _aSISMOS - MEXICO | |
| 651 | 4 |
_aDistrito Federal (México) _xSismo, 1985 _926663 |
|
| 905 | _aLibro | ||
| 999 |
_c100179 _d100179 |
||